000 01436cam a22002891i 4500
003 SA-RiAUC
005 20250923063043.0
008 250810s1998 xxu g 000 0 ara c
040 _aEG-CaDAJ
_bara
_cSA-RiAUC
_erda
043 _ama-----
082 0 4 _a219.3
090 _a219.3
_bع ب د
100 1 _aعبد الفتاح، سيف الدين،
_d1954-
_eمؤلف.
245 1 2 _aفي النظرية السياسية من منظور إسلامي :
_bمنهجية التجديد السياسي وخبرة الواقع العربي المعاصر /
_cتأليف سيف الدين عبد الفتاح إسماعيل.
250 _aالطبعة الأولى.
264 1 _a[هيرندن، الولايات المتحدة الأمريكية] :
_bالمعهد العالمي للفكر الإسلامي،
_c1998.
300 _a592 صفحة.
_c24 سم.
336 _aنص
_btxt
_2rdacontent
_3كتاب
337 _aبدون وسيط
_bn
_2rdamedia
338 _aمجلد
_bnc
_2rdacarrier
490 1 _aالرسائل الجامعية / المعهد العالمي للفكر الإسلامي
650 7 _aالإسلام والسياسة
_2aucsh
650 7 _aالإسلام والإصلاح السياسي
_zالبلاد العربية
_2aucsh
830 2 _aسلسلة الرسائل الجامعية (المعهد العالمي للفكر الإسلامي)
942 _2ddc
_cBOOK
_n0
949 _aSA-JeALM
_d250810
_umohamedma123
_n1
999 _c12055
_d12055